AO Scrabble Words 8 and Under - Statistics

General Stats
  • This quiz has been taken 15 times
  • The average score is 2 of 6
Answer Stats
Answer % Correct
Aorta
100%
Aortic
46%
Aortal
31%
Aorist
15%
Aoristic
8%
Aoudad
8%
No matching quizzes found
Score Distribution
Percent of People with Each Score
Percentile by Number Answered
Your Score History
You have not taken this quiz